[Event "Olimpiade 2024 - Donne"]
[Site "Budapest"]
[Date "16.09.2024"]
[Round "6.70"]
[Board "2"]
[White "Sisior, Angelil"]
[Black "Almusawi, Maram"]
[Result "1/2-1/2"]
[WhiteElo "1691"]
[BlackElo "1510"]
[WhiteTeam "Palau"]
[BlackTeam "Bahrain"]
[WhiteFideId "16600436"]
[BlackFideId "11205458"]
[EventDate "2024.09.11"]

1. e4 d5 2. exd5 Qxd5 3. Nc3 Qa5 4. Bc4 Bf5 5. d4 c6 6. Bf4 Nf6 7. f3 e6 8. Ne2
Be7 9. Qd2 Nbd7 10. O-O-O O-O-O 11. g4 Bg6 12. Qe3 Rhe8 13. a3 Nd5 14. Nxd5 exd5
15. Ba2 Bxa3 16. Qxa3 Qxa3 17. bxa3 Rxe2 18. Bb3 Rde8 19. Rhf1 Nb6 20. Bg3 Nc4
21. Rfe1 Nxa3 22. Rxe2 Rxe2 23. Rd2 Rxd2 24. Kxd2 b5 25. f4 Be4 26. Kc1 a5 27.
c3 Kb7 28. f5 Nb1 29. Be1 Na3 30. Kb2 Nc4+ 31. Bxc4 dxc4 32. Bg3 b4 33. cxb4
axb4 34. Bd6 b3 35. Be5 g6 36. f6 Kb6 37. Bd6 Kb5 38. g5 Bd5 39. h4 Kb6 40. Kc3
Kb7 41. Ba3 Kc7 42. Bc1 Kd6 43. Bd2 Ke6 44. Be1 Kf5 45. Kb2 Ke4 1/2-1/2

[Event "Olimpiade 2024 - Donne"]
[Site "Budapest"]
[Date "18.09.2024"]
[Round "7.9"]
[Board "1"]
[White "Cori T., Deysi"]
[Black "Roebers, Eline"]
[Result "1-0"]
[WhiteTitle "IM"]
[BlackTitle "IM"]
[WhiteElo "2366"]
[BlackElo "2340"]
[WhiteTeam "Peru"]
[BlackTeam "Netherlands"]
[WhiteFideId "3801934"]
[BlackFideId "1058401"]
[EventDate "2024.09.11"]

1. Nf3 Nf6 2. g3 g6 3. b3 Bg7 4. Bb2 O-O 5. Bg2 c5 6. c4 d6 7. d4 d5 8. O-O Nc6
9. Na3 cxd4 10. Nxd4 Nxd4 11. Qxd4 Be6 12. c5 Rc8 13. Rac1 Qd7 14. Rfd1 Rfd8 15.
Qb4 Qc7 16. Nb5 Qb8 17. Nd4 Bd7 18. Nf3 Bc6 19. Be5 Qa8 20. a4 Ne8 21. Bh3 Bd7
22. Bxd7 Rxd7 23. Bxg7 Nxg7 24. Ne5 Rdd8 25. c6 Rc7 26. Nxf7 Rf8 27. Nh6+ Kh8
28. Rxd5 bxc6 29. Qd4 Qb8 30. Rd8 Rxd8 31. Nf7+ Kg8 32. Nxd8 Qxb3 33. Nxc6 Ne6
34. Qe5 Rd7 35. Kg2 Kf7 36. Rc3 1-0

[Event "Olimpiade 2024 - Donne"]
[Site "Budapest"]
[Date "18.09.2024"]
[Round "7.9"]
[Board "2"]
[White "Peng, Zhaoqin"]
[Black "Aliaga Fernandez, Ingrid Y"]
[Result "1-0"]
[WhiteTitle "GM"]
[BlackTitle "WIM"]
[WhiteElo "2349"]
[BlackElo "2111"]
[WhiteTeam "Netherlands"]
[BlackTeam "Peru"]
[WhiteFideId "1004786"]
[BlackFideId "3802191"]
[EventDate "2024.09.11"]

1. Nf3 d5 2. e3 Nf6 3. c4 e6 4. b3 b6 5. Bb2 Bb7 6. Nc3 a6 7. d4 Bd6 8. Bd3 Nbd7
9. Qc2 Qe7 10. e4 dxe4 11. Nxe4 Nxe4 12. Bxe4 Bb4+ 13. Ke2 Bxe4 14. Qxe4 O-O 15.
a3 Bd6 16. Rhe1 Qf6 17. Kf1 Qg6 18. Qe2 a5 19. Rad1 Rfd8 20. Rd3 h6 21. Red1 Nf6
22. g3 Re8 23. h3 a4 24. b4 b5 25. cxb5 Qh5 26. h4 Qxb5 27. Kg1 Qd5 28. Ne5 Qb5
29. Qf3 Qd5 30. Qe2 Qb5 31. Bc1 Rad8 32. Nf3 Rd7 33. Qc2 Red8 34. Rc3 Nd5 35.
Rc4 Nf6 36. Re1 Ra8 37. Ne5 Rdd8 38. Nc6 Re8 39. Rc3 Qd5 40. Ne5 Qxd4 41. Rd3
Qb6 42. Bb2 Qb5 43. Rf3 h5 44. Nxf7 Kxf7 45. Bxf6 Kg8 46. Qg6 Bf8 47. Bxg7 Bxg7
48. Rf7 1-0

[Event "Olimpiade 2024 - Donne"]
[Site "Budapest"]
[Date "18.09.2024"]
[Round "7.9"]
[Board "3"]
[White "Contreras Huaman, Fiorella"]
[Black "Van Foreest, Machteld"]
[Result "0-1"]
[WhiteTitle "WIM"]
[BlackTitle "FM"]
[WhiteElo "2168"]
[BlackElo "2224"]
[WhiteTeam "Peru"]
[BlackTeam "Netherlands"]
[WhiteFideId "3824675"]
[BlackFideId "1051563"]
[EventDate "2024.09.11"]

1. e4 c5 2. Nc3 Nc6 3. g3 g6 4. Bg2 Bg7 5. d3 d6 6. Nge2 e5 7. Nd5 Nge7 8. h4 h6
9. c3 Nxd5 10. exd5 Ne7 11. b4 O-O 12. Rb1 b6 13. O-O Bg4 14. bxc5 bxc5 15. Qc2
Qc8 16. c4 Bd7 17. Nc3 Nf5 18. Be3 Nxe3 19. fxe3 f5 20. Nb5 Rf6 21. Nc3 h5 22.
Qb3 Rf8 23. Nb5 Bxb5 24. Qxb5 f4 25. Qc6 Qd8 26. Bh3 fxe3 27. Rxf8+ Qxf8 28. Rf1
e2 29. Re1 Rb8 30. Kg2 e4 31. dxe4 Rb2 32. Qd7 Bd4 33. Be6+ Kh8 34. Bf7 Qg7 35.
Qe8+ Kh7 36. Kf3 Qf6+ 37. Kg2 Qf2+ 38. Kh3 Qf1+ 39. Kh2 Bg1+ 40. Kh1 Qh3+ 41.
Kxg1 Qxg3+ 42. Kh1 Qxe1+ 43. Kg2 Qh1+ 0-1

[Event "Olimpiade 2024 - Donne"]
[Site "Budapest"]
[Date "18.09.2024"]
[Round "7.9"]
[Board "4"]
[White "Bensdorp-De Labaca, Marlies"]
[Black "Garcia Andrada, Heidy Nicole"]
[Result "1-0"]
[WhiteTitle "WIM"]
[BlackTitle "WIM"]
[WhiteElo "2241"]
[BlackElo "2003"]
[WhiteTeam "Netherlands"]
[BlackTeam "Peru"]
[WhiteFideId "1009311"]
[BlackFideId "3831779"]
[EventDate "2024.09.11"]

1. d4 e6 2. Nf3 b6 3. e4 Bb7 4. Bd3 d6 5. O-O Nd7 6. Re1 c5 7. c3 Qc7 8. Nbd2
Ngf6 9. a4 Be7 10. Nf1 O-O 11. Ng3 Rfe8 12. Bd2 Bf8 13. b4 Rab8 14. Qe2 g6 15.
h4 Bg7 16. h5 e5 17. d5 Nf8 18. h6 Bh8 19. Ng5 Bc8 20. f3 Bd7 21. b5 Rec8 22.
Bc4 Qd8 23. Rf1 Qe7 24. Rae1 Rc7 25. Qd3 Be8 26. Re2 N6d7 27. Ref2 Bf6 28. Nh3
Bh4 29. Kh2 Nf6 30. Re2 Bd7 31. Nh1 Bxh3 32. Kxh3 N6d7 33. g3 Bg5 34. Nf2 Bxd2
35. Qxd2 g5 36. Ng4 Ng6 37. Rh2 f6 38. Ne3 Ndf8 39. Kg2 Kh8 40. Kh1 Qd8 41. Nf5
Rbb7 42. Ra1 Rf7 43. Bd3 Ne7 44. Ne3 Nfg6 45. Qg2 Rf8 46. Qh3 Rg8 47. Rha2 Qc8
48. Qe6 Qxe6 49. dxe6 Nc8 50. Bc4 Re8 51. a5 bxa5 52. Rxa5 Nf8 53. Ng4 Nxe6 54.
Nxf6 Ree7 55. Bd5 Rbc7 56. Kg2 Nd8 57. Ra6 Nb6 58. Rxb6 axb6 59. Ra8 1-0

[Event "Olimpiade 2024 - Donne"]
[Site "Budapest"]
[Date "18.09.2024"]
[Round "7.10"]
[Board "1"]
[White "Tsolakidou, Stavroula"]
[Black "Khamdamova, Afruza"]
[Result "1-0"]
[WhiteTitle "IM"]
[BlackTitle "WIM"]
[WhiteElo "2444"]
[BlackElo "2313"]
[WhiteTeam "Greece"]
[BlackTeam "Uzbekistan"]
[WhiteFideId "4264312"]
[BlackFideId "14210444"]
[EventDate "2024.09.11"]

1. e4 e5 2. Nf3 Nc6 3. Bb5 a6 4. Ba4 Nf6 5. O-O Be7 6. Re1 b5 7. Bb3 d6 8. c3
O-O 9. h3 Bb7 10. d4 Re8 11. a3 h6 12. Ba2 Bf8 13. d5 Ne7 14. b3 c6 15. c4 Ng6
16. Nc3 cxd5 17. cxd5 Qa5 18. b4 Qc7 19. Bd2 Bc8 20. Rc1 Qb7 21. Bb1 Bd7 22. Bd3
Nf4 23. Bf1 g5 24. h4 g4 25. Nh2 h5 26. g3 Ng6 27. Be2 Rac8 28. f3 Qb6+ 29. Kg2
Qd4 30. Rf1 Bg7 31. Rc2 Rf8 32. Qc1 gxf3+ 33. Nxf3 Qb6 34. Nh2 Qc7 35. Bd3 Qb7
36. Bh6 Ng4 37. Bxg7 Kxg7 38. Nxg4 Bxg4 39. Qe3 Rc7 40. Rfc1 f6 41. Be2 Qc8 42.
Qd2 Qd7 43. Nd1 Rxc2 44. Qxc2 Bxe2 45. Qxe2 f5 46. Ne3 fxe4 47. Qxh5 Qf7 48. Qg5
Kh7 49. Rf1 Nf4+ 50. gxf4 Rg8 51. Ng4 Rxg5 52. fxg5 Qc7 53. h5 Qc2+ 54. Rf2 Qd1
55. g6+ Kg8 56. Kg3 e3 57. Rf7 Qe1+ 58. Kg2 Qe2+ 59. Kh3 Qxg4+ 60. Kxg4 1-0

[Event "Olimpiade 2024 - Donne"]
[Site "Budapest"]
[Date "18.09.2024"]
[Round "7.10"]
[Board "2"]
[White "Omonova, Umida"]
[Black "Avramidou, Anastasia"]
[Result "1-0"]
[WhiteTitle "WIM"]
[BlackTitle "FM"]
[WhiteElo "2032"]
[BlackElo "2290"]
[WhiteTeam "Uzbekistan"]
[BlackTeam "Greece"]
[WhiteFideId "14210363"]
[BlackFideId "4239873"]
[EventDate "2024.09.11"]

1. e4 c6 2. d4 d5 3. Nd2 dxe4 4. Nxe4 Nf6 5. Nxf6+ exf6 6. Be3 Bd6 7. Bd3 Na6 8.
a3 O-O 9. Ne2 Re8 10. Qd2 Bg4 11. O-O Nc7 12. c4 Bxe2 13. Qxe2 g6 14. Qd2 f5 15.
f4 Bf8 16. Rad1 Bg7 17. Bc2 b5 18. cxb5 Nxb5 19. Bf2 Qd5 20. Qb4 Rab8 21. Qa4
Nd6 22. b4 Nb5 23. Bb3 Qe4 24. Qa5 Qxf4 25. d5 Be5 26. g3 Qf3 27. Bc4 Qc3 28.
Rc1 Qxa3 29. dxc6 Bc7 30. Qxa3 Nxa3 31. Bd5 Rxb4 32. Rfe1 Rxe1+ 33. Rxe1 Bd6 34.
Re8+ Kg7 35. Rd8 Nb5 36. Rd7 Kf6 37. Bxf7 Rb1+ 38. Kg2 Ke5 39. Be3 Kf6 40. Bc4
f4 41. gxf4 Be7 42. c7 Nxc7 43. Bd4+ Kf5 44. Rxe7 Rd1 45. Kf3 g5 46. Rf7+ Kg6
47. f5+ Kh6 48. Rf6+ Kg7 49. Rd6+ Kf8 50. Bg7+ 1-0

[Event "Olimpiade 2024 - Donne"]
[Site "Budapest"]
[Date "18.09.2024"]
[Round "7.10"]
[Board "3"]
[White "Pavlidou, Ekaterini"]
[Black "Malikova, Marjona"]
[Result "1/2-1/2"]
[WhiteTitle "WIM"]
[BlackTitle "WIM"]
[WhiteElo "2141"]
[BlackElo "2083"]
[WhiteTeam "Greece"]
[BlackTeam "Uzbekistan"]
[WhiteFideId "4213262"]
[BlackFideId "14212463"]
[EventDate "2024.09.11"]

1. d4 Nf6 2. c4 e6 3. Nf3 d5 4. Nc3 c5 5. cxd5 Nxd5 6. e4 Nxc3 7. bxc3 cxd4 8.
cxd4 Bb4+ 9. Bd2 Bxd2+ 10. Qxd2 O-O 11. Bb5 b6 12. h4 Bb7 13. Qe3 a6 14. Bd3 Nc6
15. Rd1 Rc8 16. a3 Na5 17. Qe2 b5 18. Kf1 Rc3 19. d5 h6 20. Rh3 exd5 21. e5 Kh8
22. Nd4 Bc8 23. e6 fxe6 24. Nxe6 Bxe6 25. Qxe6 Rf6 26. Qe5 Rxa3 27. Rf3 Nc6 28.
Qb2 Ra4 29. Rxf6 Qxf6 30. Qe2 Ne7 31. Re1 Rxh4 32. Kg1 Ng8 33. g3 Ra4 34. Bb1
Qc3 35. Rd1 Qc5 36. Qd3 Nf6 37. Qf5 Rc4 38. Kg2 b4 39. Re1 Qc8 40. Re6 Kg8 41.
Rxf6 gxf6 42. Qg6+ Kf8 43. Qxf6+ Kg8 44. Qg6+ Kf8 45. Qf6+ Kg8 46. Qg6+ Kf8 47.
Qf6+ 1/2-1/2

[Event "Olimpiade 2024 - Donne"]
[Site "Budapest"]
[Date "18.09.2024"]
[Round "7.10"]
[Board "4"]
[White "Nadirjanova, Nodira"]
[Black "Markantonaki, Haritomeni"]
[Result "1-0"]
[WhiteTitle "WIM"]
[BlackTitle "WFM"]
[WhiteElo "2059"]
[BlackElo "2179"]
[WhiteTeam "Uzbekistan"]
[BlackTeam "Greece"]
[WhiteFideId "14201232"]
[BlackFideId "4207050"]
[EventDate "2024.09.11"]

1. d4 Nf6 2. c4 e6 3. Nc3 Bb4 4. e3 O-O 5. Bd3 d5 6. a3 Bxc3+ 7. bxc3 dxc4 8.
Bxc4 c5 9. Nf3 Qc7 10. Be2 b6 11. O-O Nc6 12. dxc5 bxc5 13. c4 Rb8 14. Qc2 Ba6
15. Bb2 Qe7 16. Ng5 e5 17. f4 h6 18. fxe5 hxg5 19. exf6 Qxe3+ 20. Kh1 g6 21.
Rad1 Nd4 22. Bxd4 cxd4 23. Bd3 g4 24. Bxg6 Qh6 25. Be4 Rb6 26. Rxd4 Rxf6 27. Bf5
Re8 28. Rxg4+ Kf8 29. Qc3 Bc8 30. Qb4+ Re7 31. Re1 Be6 32. Qb8+ Re8 33. Qd6+ Re7
34. Qg3 Qh8 35. Bxe6 Rfxe6 36. Rd1 Re8 37. h3 Re3 38. Qd6+ R8e7 39. Qb8+ Re8 40.
Qb4+ R3e7 41. Re4 Qf6 42. Rde1 a5 43. Qc5 a4 44. Rxe7 Rxe7 45. Qxe7+ Qxe7 46.
Rxe7 Kxe7 47. h4 1-0

[Event "Olimpiade 2024 - Donne"]
[Site "Budapest"]
[Date "18.09.2024"]
[Round "7.11"]
[Board "1"]
[White "Zhu, Jiner"]
[Black "Ryjanova, Julia"]
[Result "1-0"]
[WhiteTitle "GM"]
[BlackTitle "WGM"]
[WhiteElo "2487"]
[BlackElo "2255"]
[WhiteTeam "China"]
[BlackTeam "Australia"]
[WhiteFideId "8608059"]
[BlackFideId "4127714"]
[EventDate "2024.09.11"]

1. e4 c5 2. Nf3 Nc6 3. d4 cxd4 4. Nxd4 Qb6 5. Nb3 Nf6 6. Nc3 e6 7. a3 Qc7 8. Be3
a6 9. f4 d6 10. g4 d5 11. e5 Nd7 12. g5 b5 13. Ne2 Bb7 14. Ned4 Nxd4 15. Nxd4
Nc5 16. h4 Be7 17. Bd3 Rc8 18. Rh2 b4 19. axb4 Nxd3+ 20. Qxd3 Bxb4+ 21. c3 Be7
22. h5 Rb8 23. Qc2 Bc8 24. Kf2 O-O 25. Nf3 Qc4 26. Kg3 Bd7 27. Bd4 Bb5 28. Rd2
Qc7 29. Nh2 Kh8 30. Ng4 Bc4 31. Rh1 Bb3 32. Qb1 Bc5 33. f5 exf5 34. Qxf5 Qc8 35.
Qf4 Bxd4 36. h6 Qe6 37. hxg7+ Kxg7 38. cxd4 Qg6 39. Rh6 Qe4 40. Qf6+ Kg8 41. Rh1
h5 42. Rxh5 Qe1+ 43. Rf2 Qg1+ 44. Rg2 Qe1+ 45. Kh2 1-0

[Event "Olimpiade 2024 - Donne"]
[Site "Budapest"]
[Date "18.09.2024"]
[Round "7.11"]
[Board "2"]
[White "Nguyen, Thu Giang"]
[Black "Song, Yuxin"]
[Result "0-1"]
[WhiteTitle "WFM"]
[BlackTitle "IM"]
[WhiteElo "2068"]
[BlackElo "2373"]
[WhiteTeam "Australia"]
[BlackTeam "China"]
[WhiteFideId "12400980"]
[BlackFideId "8614300"]
[EventDate "2024.09.11"]

1. e4 c5 2. Nf3 d6 3. Bb5+ Bd7 4. Bxd7+ Nxd7 5. c4 e6 6. d4 cxd4 7. Nxd4 Rc8 8.
O-O Rc7 9. c5 Rxc5 10. Na3 Rc8 11. Ndb5 Nc5 12. Nxa7 Ra8 13. N7b5 Nxe4 14. Qc2
Nc5 15. Rd1 Nf6 16. Bg5 Be7 17. Nxd6+ Bxd6 18. Bxf6 gxf6 19. Nb5 Bxh2+ 20. Kxh2
Qb6 21. Qc4 Na6 22. b4 Ke7 23. a4 Rhd8 24. Qe4 Nc7 25. Nc3 Qxf2 26. Qxb7 Qf4+
27. Kh1 Rxd1+ 28. Nxd1 Qh4+ 29. Kg1 Qd4+ 30. Kh2 Qe5+ 31. Kg1 Qxa1 32. Qxc7+ Kf8
33. Qd6+ Kg7 34. a5 Qe5 35. Qd2 Rb8 36. Ne3 Qf4 37. a6 Rxb4 38. Qf2 Qxf2+ 39.
Kxf2 Ra4 0-1

[Event "Olimpiade 2024 - Donne"]
[Site "Budapest"]
[Date "18.09.2024"]
[Round "7.11"]
[Board "3"]
[White "Guo, Qi"]
[Black "Shen, Zhiyuan"]
[Result "1-0"]
[WhiteTitle "IM"]
[WhiteElo "2367"]
[BlackElo "1969"]
[WhiteTeam "China"]
[BlackTeam "Australia"]
[WhiteFideId "8604002"]
[BlackFideId "8608482"]
[EventDate "2024.09.11"]

1. d4 Nf6 2. c4 g6 3. Nc3 Bg7 4. e4 d6 5. Nf3 O-O 6. Be2 e5 7. O-O Bg4 8. d5 a5
9. Bg5 Qe8 10. Ne1 Bd7 11. b3 Na6 12. Nd3 b6 13. a3 Nc5 14. Nxc5 bxc5 15. Rb1 h6
16. Be3 Rb8 17. Rb2 Qe7 18. Qd2 Kh7 19. Rfb1 Ne8 20. b4 cxb4 21. axb4 axb4 22.
Rxb4 Rc8 23. Rb7 f5 24. f3 Nf6 25. c5 fxe4 26. fxe4 dxc5 27. Ra7 Bg4 28. d6 Qd8
29. Bxg4 Nxg4 30. dxc7 Qh4 31. h3 Nxe3 32. Qxe3 Bf6 33. Qe1 Rf7 34. Nd5 Qh5 35.
Qf2 Kg7 36. Rf1 Qg5 37. Ra6 Rcf8 38. Rxf6 Rxf6 39. Nxf6 c4 40. Nh5+ 1-0

[Event "Olimpiade 2024 - Donne"]
[Site "Budapest"]
[Date "18.09.2024"]
[Round "7.11"]
[Board "4"]
[White "Vincent, Alaina"]
[Black "Lu, Miaoyi"]
[Result "0-1"]
[WhiteTitle "WFM"]
[BlackTitle "IM"]
[WhiteElo "1976"]
[BlackElo "2438"]
[WhiteTeam "Australia"]
[BlackTeam "China"]
[WhiteFideId "46608931"]
[BlackFideId "8618020"]
[EventDate "2024.09.11"]

1. e4 e5 2. Nf3 Nc6 3. Bc4 Nf6 4. d3 h6 5. c3 d6 6. Bb3 g5 7. Be3 Bg7 8. Nbd2 g4
9. Ng1 d5 10. Ne2 Be6 11. Ba4 Qd6 12. b4 Nd7 13. a3 a6 14. Rc1 h5 15. Bb3 f5 16.
exf5 Bxf5 17. Nf1 O-O-O 18. Ba4 Rde8 19. Nfg3 Bg6 20. c4 d4 21. Bg5 e4 22. Nxe4
Bxe4 23. dxe4 Qe5 24. Qd2 Qxe4 25. Kf1 d3 26. Ng3 Qg6 27. Bxc6 bxc6 28. b5 h4
29. bxc6 Nb8 30. Rb1 Nxc6 31. Qf4 hxg3 32. Qxg4+ Qe6 33. Qxe6+ Rxe6 34. fxg3
Rf8+ 35. Bf4 Bh6 36. h3 Bxf4 37. gxf4 Rxf4+ 38. Kg1 d2 39. Kh2 Nd4 40. Rbd1 Re2
41. c5 Rff2 42. Kg3 Nf5+ 43. Kg4 Ne3+ 0-1

[Event "Olimpiade 2024 - Donne"]
[Site "Budapest"]
[Date "18.09.2024"]
[Round "7.12"]
[Board "1"]
[White "Rogule, Laura"]
[Black "Yao, Lan"]
[Result "0-1"]
[WhiteTitle "WGM"]
[BlackTitle "WGM"]
[WhiteElo "2248"]
[BlackElo "2353"]
[WhiteTeam "Latvia"]
[BlackTeam "England"]
[WhiteFideId "11601876"]
[BlackFideId "8610835"]
[EventDate "2024.09.11"]

1. Nf3 d5 2. c4 e6 3. g3 Nf6 4. Bg2 Be7 5. O-O O-O 6. b3 d4 7. e3 c5 8. exd4
cxd4 9. d3 Nc6 10. Re1 Re8 11. Ba3 a5 12. Bxe7 Qxe7 13. Ne5 Nxe5 14. Rxe5 Qc7
15. Re1 e5 16. Nd2 Bg4 17. Bf3 h5 18. Bxg4 hxg4 19. Qe2 Qd7 20. Rab1 Ra6 21. a3
Nh7 22. f3 gxf3 23. Qxf3 Ng5 24. Qg2 Qf5 25. Qf1 Nh3+ 26. Kg2 Qc8 27. Qe2 Rg6
28. Qe4 Ng5 29. Qd5 Qf5 30. Nf3 Qxd3 31. Nxd4 Ne6 32. Nxe6 Qc2+ 33. Kg1 Rgxe6
34. Rec1 Qa2 35. Qxb7 e4 36. Qd5 Rh6 37. h4 Rg6 0-1

[Event "Olimpiade 2024 - Donne"]
[Site "Budapest"]
[Date "18.09.2024"]
[Round "7.12"]
[Board "2"]
[White "Houska, Jovanka"]
[Black "Berzina, Ilze"]
[Result "1-0"]
[WhiteTitle "IM"]
[BlackTitle "WGM"]
[WhiteElo "2333"]
[BlackElo "2200"]
[WhiteTeam "England"]
[BlackTeam "Latvia"]
[WhiteFideId "405094"]
[BlackFideId "11601345"]
[EventDate "2024.09.11"]

1. Nf3 d5 2. g3 Bg4 3. Bg2 Nd7 4. c4 c6 5. cxd5 cxd5 6. h3 Bh5 7. Qb3 Qc7 8. Nc3
e6 9. d4 a6 10. O-O Ngf6 11. e4 dxe4 12. Ng5 Be7 13. Bf4 Qb6 14. Ngxe4 O-O 15.
Nxf6+ Bxf6 16. Qxb6 Nxb6 17. Bd6 Rfe8 18. Bc5 Nc4 19. b3 Nd2 20. Rfd1 Bxd1 21.
Rxd1 Rac8 22. Na4 Red8 23. Bxb7 Bxd4 24. Be7 Ba7 25. Kg2 Rb8 26. Bxd8 Rxd8 27.
Bxa6 Rd4 28. Nc3 Bb6 29. b4 f5 30. Nb5 Rd5 31. a4 f4 32. gxf4 g5 33. Nc3 Rd4 34.
fxg5 Bd8 35. h4 h6 36. Nb1 Nb3 37. Rxd4 Nxd4 38. gxh6 Kh7 39. Kh3 Kxh6 40. Nd2
Kh5 41. Ne4 Be7 42. b5 Bd8 43. Bc8 Bb6 44. f4 Bc7 45. Ng3+ Kg6 46. Kg4 Kf6 47.
Ne4+ Ke7 48. Ng5 Kf6 49. h5 e5 50. Ne4+ Kg7 51. f5 Bd8 52. Bd7 Kh6 53. f6 Nb3
54. f7 Be7 55. b6 Na5 56. Be6 Kg7 57. Bd5 1-0

[Event "Olimpiade 2024 - Donne"]
[Site "Budapest"]
[Date "18.09.2024"]
[Round "7.12"]
[Board "3"]
[White "Krumina, Linda"]
[Black "Hunt, Harriet V"]
[Result "0-1"]
[WhiteTitle "WFM"]
[BlackTitle "IM"]
[WhiteElo "2091"]
[BlackElo "2304"]
[WhiteTeam "Latvia"]
[BlackTeam "England"]
[WhiteFideId "11601701"]
[BlackFideId "403512"]
[EventDate "2024.09.11"]

1. d4 Nf6 2. Nf3 e6 3. e3 b6 4. Bd3 Bb7 5. O-O g6 6. c4 Bg7 7. Nc3 O-O 8. e4 d6
9. h3 Nbd7 10. Bg5 h6 11. Be3 e5 12. d5 Nh5 13. Qd2 Kh7 14. g4 Qf6 15. gxh5 Qxf3
16. hxg6+ fxg6 17. Kh2 Qh5 18. Be2 Qh4 19. Rg1 Rxf2+ 20. Bxf2 Qxf2+ 21. Kh1 Rf8
22. Raf1 Qh4 23. Qe3 Nf6 24. Kh2 h5 25. Qg3 Qxg3+ 26. Kxg3 Bh6 27. Kg2 a6 28.
Rf3 Bf4 29. Bd3 g5 30. Ne2 Kh6 31. Nxf4 exf4 32. h4 Bc8 33. Kf1 Bg4 34. Rf2 Re8
35. hxg5+ Kxg5 36. Re2 Nd7 37. b3 Ne5 38. Bc2 f3 39. Re3 Kf4 40. Rc3 h4 41. Bd1
Rh8 42. Kf2 h3 43. b4 h2 44. Rh1 Rh3 45. c5 bxc5 46. bxc5 dxc5 47. Bc2 c4 48.
Ra3 Bc8 49. Rc3 Ng4+ 50. Kf1 Kg3 51. Bd1 Ne5 52. Be2 Rh4 0-1

[Event "Olimpiade 2024 - Donne"]
[Site "Budapest"]
[Date "18.09.2024"]
[Round "7.12"]
[Board "4"]
[White "Toma, Katarzyna"]
[Black "Vidruska, Renate"]
[Result "1/2-1/2"]
[WhiteTitle "WGM"]
[BlackTitle "WFM"]
[WhiteElo "2184"]
[BlackElo "2035"]
[WhiteTeam "England"]
[BlackTeam "Latvia"]
[WhiteFideId "1119907"]
[BlackFideId "11601841"]
[EventDate "2024.09.11"]

1. e4 e5 2. Nf3 Nc6 3. Bb5 a6 4. Bxc6 dxc6 5. O-O Bd6 6. d4 exd4 7. Qxd4 f6 8.
Be3 Ne7 9. Nbd2 Ng6 10. Nc4 Qe7 11. Nxd6+ cxd6 12. Rad1 O-O 13. Qxd6 Qxe4 14.
Bc5 Qxc2 15. Nh4 Re8 16. Rde1 Bg4 17. Rc1 Qe2 18. Nxg6 hxg6 19. h3 Bf5 20. Qd4
Rad8 21. Qb4 Qb5 22. Qxb5 axb5 23. Rfe1 Kf7 24. b4 Be6 25. a3 Rd3 26. Re3 Rxe3
27. Bxe3 Ra8 28. Rc3 Bc4 29. Bc5 Rd8 30. a4 Rd1+ 31. Kh2 Rd3 1/2-1/2

[Event "Olimpiade 2024 - Donne"]
[Site "Budapest"]
[Date "18.09.2024"]
[Round "7.13"]
[Board "1"]
[White "Narva, Mai"]
[Black "Atalik, Ekaterina"]
[Result "0-1"]
[WhiteTitle "IM"]
[BlackTitle "IM"]
[WhiteElo "2420"]
[BlackElo "2381"]
[WhiteTeam "Estonia"]
[BlackTeam "Turkiye"]
[WhiteFideId "4500512"]
[BlackFideId "4130189"]
[EventDate "2024.09.11"]

1. d4 d5 2. Nf3 Nf6 3. e3 e6 4. Bd3 Bd6 5. b3 O-O 6. Bb2 b6 7. O-O Bb7 8. Nbd2
Ne4 9. c4 Nd7 10. a3 a5 11. Qc2 f5 12. Rac1 Qe7 13. cxd5 exd5 14. Bb5 Ndf6 15.
Ne5 Rac8 16. a4 c5 17. Qd3 Nxd2 18. Qxd2 Ne4 19. Qe2 Bxe5 20. dxe5 Ng5 21. f4
Ne6 22. Rcd1 Rc7 23. Rd2 g5 24. fxg5 Qxg5 25. Rf3 Kh8 26. Rg3 Qh4 27. Bd3 c4 28.
bxc4 dxc4 29. Bc2 c3 30. Bxc3 Rxc3 31. Rd7 Be4 32. Bd1 Rc7 33. Rxc7 Nxc7 34. Qb2
Ne6 35. Qxb6 f4 36. exf4 Qxf4 37. Bf3 Qc1+ 38. Kf2 Qd2+ 39. Kg1 Qe1# 0-1

[Event "Olimpiade 2024 - Donne"]
[Site "Budapest"]
[Date "18.09.2024"]
[Round "7.13"]
[Board "2"]
[White "Yildiz Kadioglu, Betul Cemre"]
[Black "Olde, Margareth"]
[Result "1/2-1/2"]
[WhiteTitle "WGM"]
[BlackTitle "WIM"]
[WhiteElo "2314"]
[BlackElo "2135"]
[WhiteTeam "Turkiye"]
[BlackTeam "Estonia"]
[WhiteFideId "6302920"]
[BlackFideId "4503082"]
[EventDate "2024.09.11"]

1. d4 d5 2. c4 e6 3. Nf3 Nf6 4. g3 Bb4+ 5. Bd2 Be7 6. Bg2 O-O 7. O-O c6 8. Qc2
Nbd7 9. Bf4 b6 10. cxd5 cxd5 11. Rc1 Bb7 12. Qb3 Rc8 13. Rxc8 Qxc8 14. Nc3 a6
15. Rc1 Qa8 16. Na4 b5 17. Nc5 Nxc5 18. dxc5 Ne4 19. Be3 Rc8 20. Qb4 Qb8 21. Ne1
e5 22. Bxe4 dxe4 23. Rd1 Qc7 24. Qc3 h6 25. b4 Kh7 26. Ng2 Rf8 27. Bc1 Rd8 28.
Qb3 f5 29. Ne3 Rxd1+ 30. Qxd1 Qc8 31. Qb3 f4 32. Qf7 fxe3 33. Qxe7 exf2+ 34.
Kxf2 Qf5+ 35. Ke1 e3 36. Bxe3 Qe4 37. Kf2 Qg2+ 38. Ke1 Qe4 39. Kf2 Qg2+ 40. Ke1
Qh1+ 41. Kd2 Qd5+ 42. Ke1 Qh1+ 43. Kd2 Qd5+ 44. Ke1 Qh1+ 1/2-1/2

[Event "Olimpiade 2024 - Donne"]
[Site "Budapest"]
[Date "18.09.2024"]
[Round "7.13"]
[Board "3"]
[White "Narva, Triin"]
[Black "Ozturk Orenli, Kubra"]
[Result "1/2-1/2"]
[WhiteTitle "WFM"]
[BlackTitle "WGM"]
[WhiteElo "2066"]
[BlackElo "2262"]
[WhiteTeam "Estonia"]
[BlackTeam "Turkiye"]
[WhiteFideId "4502680"]
[BlackFideId "6302599"]
[EventDate "2024.09.11"]

1. e4 e5 2. Nf3 Nc6 3. Bb5 a6 4. Ba4 Nf6 5. Nc3 Bd6 6. d3 h6 7. O-O O-O 8. Re1
Re8 9. Ne2 b5 10. Bb3 Na5 11. c3 Nxb3 12. Qxb3 c5 13. Ng3 Bb7 14. c4 Bc6 15. Bd2
Bf8 16. Rad1 d6 17. Qc2 b4 18. h3 g6 19. Nh2 Bg7 20. Rf1 Ra7 21. f4 exf4 22.
Bxf4 Kh7 23. Nf3 Re6 24. Rfe1 Qe8 25. Qf2 Rae7 26. Nf1 Nh5 27. Bc1 Nf6 28. g4
Nd7 29. Ne3 Ne5 30. Nxe5 Bxe5 31. Qh4 Bf6 32. Qg3 Bd4 33. Rf1 Qh8 34. g5 Qe5 35.
Qxe5 Rxe5 36. Kh2 hxg5 37. Ng4 f5 38. Nf6+ Kg7 39. Bxg5 fxe4 40. h4 exd3 41. Ng4
Re2+ 42. Kg3 Re8 43. Rxd3 Rg2+ 44. Kh3 Rxb2 45. Bh6+ Kg8 46. Rf4 Bd7 47. Rdf3
Bf5 48. h5 gxh5 49. Rxf5 hxg4+ 50. Kxg4 Rg2+ 51. Kh3 Rg6 52. Bf4 Kg7 53. Bg5
Rh8+ 54. Kg4 Rh1 55. Rf7+ Kg8 56. Rf8+ Kh7 57. Kf5 Be5 58. Be3 Bg7 59. Rf7 Rh5+
60. Ke4 Kg8 61. Ra7 Re6+ 62. Kd3 d5 63. Rg3 dxc4+ 64. Kxc4 Kh8 65. Raxg7 Rxe3
66. Rg8+ Kh7 67. R3g7+ 1/2-1/2